| 000 | 00503 a2200217 4500 | ||
|---|---|---|---|
| 001 | 066027 | ||
| 003 | OSt | ||
| 005 | 20251212150115.0 | ||
| 008 | |||
| 082 |
_a808.2 _bW15S |
||
| 100 | 1 | _aWallis | |
| 245 | 1 |
_aStudying plays _cby Mick Wallis and Simon Shepherd |
|
| 260 |
_aU.K. _bHodder Education _c2007 |
||
| 300 | _a214p. | ||
| 546 | _aEnglish | ||
| 690 | _aDrama--Explication | ||
| 700 | _aShepherd | ||
| 700 | _aMick | ||
| 700 | _aSimon | ||
| 942 |
_2ddc _cBK |
||
| 999 |
_c236 _d236 |
||